Behavioral research data analysis with R

Na minha lista:
Detalhes bibliográficos
Autor principal: Li, Yuelin
Outros Autores: Baron, Jonathan
Formato: Livro
Idioma:inglês
Publicado em: New York Springer 2012
Colecção:Use R!
Assuntos:
Tags: Adicionar Tag
Sem tags, seja o primeiro a adicionar uma tag!

MARC

LEADER 00000nam a2200000 4500
001 0223926
005 20240306140206.2
020 |a 978-1-4614-1237-3 
041 0 |a eng 
044 |a US 
245 1 0 |a Behavioral research data analysis with R  |c Yuelin Li, Jonathan Baron 
264 1 |a New York  |b Springer  |c 2012 
300 |a 245 s. 
490 1 |a Use R! 
830 0 |a Use R! 
610 2 0 |a metódy štatistické 
610 2 0 |a výskum psychologický 
610 2 0 |a osobnosť 
610 2 0 |a správanie 
610 2 0 |a analýza dát 
610 2 0 |a porovnanie štatistické 
610 2 0 |a regresia 
610 2 0 |a modely 
100 1 |a Li, Yuelin 
700 1 |a Baron, Jonathan